| 000 | 00465nam a2200097Ia 4500 | ||
|---|---|---|---|
| 008 | 180130s9999 xx 000 0 und d | ||
| 245 |
_cPark, Andrew J.; Tsang, Herbert H.; Sun, Mengting; Glasser, Uwe _aAn agent-based model and computational framework for counter-terrorism and public safety based on swarm intelligence |
||
| 260 | _c2016 | ||
| 300 | _aBook title: Computer and information security--Acession number C20546; pages 52-60 | ||
| 650 | _aINFORMATION SECURITY | ||
| 999 |
_c354110 _d354110 |
||